000 004490000a22001690004500
003 MACL
005 20160112162257.0
008 160112b xxu||||| |||| 00| 0 eng d
040 _aMACL
_cMACL
041 _aEnglish
082 _a001/KUM
100 _aKumar,Purnendu
_931543
245 _a30 Practice Sets SSC Combined Graduate Level Pre. Examination
260 _aNew Delhi
_bArihant Publications
_c2014
350 _a310
942 _cBK
_k378
_2ddc
999 _c49066
_d49066